000
00272nam a22001217a 4500
003
OSt
008
250205b |||||||| |||| 00| 0 eng d
041
_a
eng
100
_a
Gupta
_9
7049
245
_a
Pump Servicing and Maintenance
700
_a
Kaushik, JP
_9
7072
942
_c
BK
999
_c
19301
_d
19301